<?xml version="1.0" encoding="UTF-8"?>
<record
    xmlns:xsi="http://www.w3.org/2001/XMLSchema-instance"
    xsi:schemaLocation="http://www.loc.gov/MARC21/slim http://www.loc.gov/standards/marcxml/schema/MARC21slim.xsd"
    xmlns="http://www.loc.gov/MARC21/slim">

  <leader>00881nam2a2200241   4500</leader>
  <controlfield tag="001">rc\3012628</controlfield>
  <controlfield tag="005">20260315064218.0</controlfield>
  <datafield tag="035" ind1=" " ind2=" ">
    <subfield code="a">(NLR Aleph) 007155044</subfield>
  </datafield>
  <datafield tag="090" ind1=" " ind2=" ">
    <subfield code="a">13617420</subfield>
    <subfield code="c">13617420</subfield>
  </datafield>
  <datafield tag="100" ind1=" " ind2=" ">
    <subfield code="a">20110924d1944    u  y0rusy50      ca</subfield>
  </datafield>
  <datafield tag="101" ind1="0" ind2=" ">
    <subfield code="a">rus</subfield>
  </datafield>
  <datafield tag="102" ind1=" " ind2=" ">
    <subfield code="a">RU</subfield>
  </datafield>
  <datafield tag="105" ind1=" " ind2=" ">
    <subfield code="a">y   z   |||||</subfield>
  </datafield>
  <datafield tag="200" ind1="0" ind2=" ">
    <subfield code="a">&#x412;&#x44B;&#x43F;. 1</subfield>
    <subfield code="f">[&#x421;&#x43E;&#x441;&#x442;. &#x415;. &#x41B;&#x43E;&#x43F;&#x430;&#x442;&#x438;&#x43D;&#x430;]</subfield>
  </datafield>
  <datafield tag="210" ind1=" " ind2=" ">
    <subfield code="d">1944</subfield>
  </datafield>
  <datafield tag="215" ind1=" " ind2=" ">
    <subfield code="a">71 &#x441;.</subfield>
  </datafield>
  <datafield tag="461" ind1=" " ind2="0">
    <subfield code="1">001rc\3012627</subfield>
    <subfield code="1">2000#$a&#x412; &#x43F;&#x43E;&#x43C;&#x43E;&#x449;&#x44C; &#x43F;&#x430;&#x440;&#x442;&#x440;&#x430;&#x431;&#x43E;&#x442;&#x43D;&#x438;&#x43A;&#x443;$e&#x421;&#x431;. &#x43C;&#x430;&#x442;&#x435;&#x440;&#x438;&#x430;&#x43B;&#x43E;&#x432;. &#x412;&#x44B;&#x43F;. 1 -$v&#x412;&#x44B;&#x43F;. 1</subfield>
    <subfield code="9">7191066</subfield>
    <subfield code="c">&#x421;&#x442;&#x430;&#x43B;&#x438;&#x43D;&#x430;&#x431;&#x430;&#x434;</subfield>
    <subfield code="d">1944</subfield>
    <subfield code="n">&#x413;&#x43E;&#x441;&#x438;&#x437;&#x434;&#x430;&#x442; &#x43F;&#x440;&#x438; &#x421;&#x41D;&#x41A; &#x422;&#x430;&#x434;&#x436;. &#x421;&#x421;&#x420;</subfield>
    <subfield code="o">&#x421;&#x431;. &#x43C;&#x430;&#x442;&#x435;&#x440;&#x438;&#x430;&#x43B;&#x43E;&#x432;. &#x412;&#x44B;&#x43F;. 1 -</subfield>
    <subfield code="t">&#x412; &#x43F;&#x43E;&#x43C;&#x43E;&#x449;&#x44C; &#x43F;&#x430;&#x440;&#x442;&#x440;&#x430;&#x431;&#x43E;&#x442;&#x43D;&#x438;&#x43A;&#x443;</subfield>
    <subfield code="v">&#x412;&#x44B;&#x43F;. 1</subfield>
  </datafield>
  <datafield tag="702" ind1=" " ind2="1">
    <subfield code="a">&#x41B;&#x43E;&#x43F;&#x430;&#x442;&#x438;&#x43D;&#x430;</subfield>
    <subfield code="b">&#x415;.</subfield>
    <subfield code="4">220</subfield>
  </datafield>
  <datafield tag="801" ind1=" " ind2="0">
    <subfield code="a">RU</subfield>
    <subfield code="b">NLR</subfield>
    <subfield code="g">psbo</subfield>
  </datafield>
  <datafield tag="801" ind1=" " ind2="1">
    <subfield code="a">RU</subfield>
    <subfield code="b">ELAR</subfield>
    <subfield code="2">rusmarc</subfield>
  </datafield>
  <datafield tag="852" ind1=" " ind2=" ">
    <subfield code="a">NLR</subfield>
    <subfield code="j">&#x418;&#x43F;10 &#x413;-4/115</subfield>
  </datafield>
  <datafield tag="942" ind1=" " ind2=" ">
    <subfield code="c">UNSPEC</subfield>
  </datafield>
  <datafield tag="980" ind1=" " ind2=" ">
    <subfield code="a">NB</subfield>
  </datafield>
</record>
